000 00795nam a2200217 i 4500
001 189835
003 ES-MaACL
005 20250902070717.0
008 191203s1966 sp |||| | spa d
100 1 _aDubas, Jean.
_9168978
245 1 0 _aOrganización de los servicios administrativos /
_cpor Jean Dubas, Joseph Dupin de Saint-Cyr ; traducido por Tiburcio Alonso y Pablo Gil.
260 _aBilbao :
_bDeusto,
_c[1966]
300 _a342 p. :
_bil. ;
_c22 cm.
490 1 _aEnciclopedia de la Empresa Moderna ;
_v9
650 0 7 _aGestión de empresas
_2embne
_912210
700 1 _aDupin de Saint-Cyr, Joseph.
_9168979
700 0 _aAlonso, Tiburcio.
_920249
830 0 0 _aEnciclopedia de la empresa moderna
_v9
_9193420
852 _aES-MaACL
_jP-1093-9
999 _c189835
_d189835